000 00293nam a22001337a 4500
008 170213b xxu||||| |||| 00| 0 eng d
020 _a0306400839
041 _aeng
080 _a61
100 _a4
101 _aSHM
245 _aSENSORY MECJANIMS OF SPINAL CODE
_cWILLIS
942 _2udc
_cBK
999 _c5228
_d5228